Plus grandes villes françaises commençant par la lettre M - Statistiques

Statistiques générales
  • Ce quiz a été pris 148 fois
  • Le résultat moyen est 6 sur 16
Statistiques - réponses
Population Réponse % Correct
873k Marseille
98%
302k Montpellier
90%
121k Metz
65%
106k Mulhouse
59%
62k Montauban
41%
42k Melun
37%
45k Mantes-la-Jolie
35%
111k Montreuil
35%
56k Meaux
33%
49k Martigues
30%
76k Mérignac
29%
40k Montélimar
29%
51k Massy
15%
48k Montrouge
14%
46k Meudon
12%
58k Maisons-Alfort
6%
Aucun quiz correspondant
Distribution des résultats
% des personnes avec chaque résultat
Percentile par nombre de réponses
Votre historique - résultats
Vous n’avez pas pris ce quiz